00949nam a2200229 a 4500001000800000005001700008008004100025020001500066041000800081044000600089050002400095100002500119245013600144260006400280300005400344500001000398504003000408610008100438650007000519650006900589650006100658BRL_24520190320210643.0160713s1994----u--o######---#000-0#eng-# a0890132585 aeng au 4aNK835.N5b.G38 19941 aGavin, Robin Farwell10aTraditional Arts of Spanish New Mexicobthe Hispanic Heritage wing at the Museum of International Folk Artcby Robin Farwell Gavin. aSanta Fe, Nuevo MéxicobMuseum of New Mexico Presscc1994 aviii, 96 p.bil. (algunas a color), mapasc23 cm. aAu296 aBibliografía : p. 93-9624aMuseum of International Folk Art (N.M.)bHispanic Heritage WingvCatálogos14aArtes decorativas español colonialvCatálogoszNuevo México14aArtes decorativas hispanoamericanasvCatálogoszNuevo México14aArtes decorativasvCatálogoszSanta Fe, Nuevo México